E-boletn̕ sobre TIC s y Telecomunicaciones

Detalles Bibliográficos
Formato: Desconocido
Lenguaje:español
Publicado: Santiago de Chile : Legadigital
Materias:
Acceso en línea:Acceso restringido

MARC

LEADER 00000ny a22000003n 4500
005 20110510150420.0
008 950713c19uu9999cl mr 0 b spa
035 |a 2628 
040 |a BUS  |d vLex 
090 |c 1593  |d 1593 
245 3 0 |a E-boletn̕ sobre TIC s y Telecomunicaciones  |h [Recurso electrn̤ico] 
256 |a Servicio en ln̕ea 
260 |a Santiago de Chile :  |b Legadigital 
506 1 |a Contenido solo disponible en los productos indicados  |d vLex Global  |d vLex Global (Academic Edition, excluding Law Schools)  |d vLex Global (U.S. Academic Edition, Law Schools)  |d vLex Global (U.S. Academic Edition, excluding Law Schools)  |d vLex Global (Academic Edition, Law Schools) 
650 0 4 |a Tecnologa̕ de la informacin̤  |x Derecho  |z Chile  |x Publicaciones perid̤icas 
650 0 4 |a Telecomunicaciones  |x Derecho  |z Chile  |x Legislacin̤  |x Publicaciones perid̤icas 
740 0 |a vLex Revista (Servicios en ln̕ea) 
843 |a Electrn̤ica. Abierta 
853 |8 1  |i (year)  |j (month)  |k (day) 
856 4 0 |z Acceso restringido  |u http://vlex.com/account/login_ip?fuente_id=2628 
942 |c REV